Investigación y recomendación de las necesidades de infraestructura eléctrica para centros de atención de la salud

Збережено в:
Бібліографічні деталі
Автор: Cordero Chen, Félix Gerardo, 1990-
Інші автори: Andrés Jácome, Luis Fernando, 1964- Director de Proyecto Eléctrico
Формат: Книга
Мова:Spanish
Опубліковано: [San José, Costa Rica] 2012
Предмети:
Теги: Додати тег
Немає тегів, Будьте першим, хто поставить тег для цього запису!

MARC

LEADER 00000nam a22000007a 4500
003 011736
005 20230830144748.0
008 151001b2012 cr a|||| |||| 00| ||spa d
040 |c cru CEDI  
090 |a TFG 6906 
100 |a Cordero Chen, Félix Gerardo, 1990-   |9 1318 
245 |a  Investigación y recomendación de las necesidades de infraestructura eléctrica para centros de atención de la salud  
260 |a [San José, Costa Rica]  |c  2012 
500 |a Proyecto de graduación (bachillerato en ingeniería eléctrica)--Universidad de Costa Rica. Facultad de Ingeniería. Escuela de Ingeniería Eléctrica, 
501 |a Profesor Guía de IE-0502 Proyecto Eléctrico: Ing. Luis Fernando Andrés Jácome 
650 |x INSTALACIONES ELECTRICAS - MEDIDAS DE SEGURIDAD   |x DISPOSITIVOS DE DISTRIBUCION  |x ATENCION MEDICA  |9 1243 
700 |9 715  |a Andrés Jácome, Luis Fernando, 1964-  |d Director de Proyecto Eléctrico  
942 |c CEDI 
999 |c 14039  |d 14039